[Event "Linklater Mem"]
[Site "San Francisco USA"]
[Date "2001.03.03"]
[Round "6"]
[White "Wojtkiewicz,A"]
[Black "Baginskaite,C"]
[Result "1-0"]
[WhiteElo "2572"]
[BlackElo "2306"]

1.Nf3 Nf6 2.c4 e6 3.g3 b6 4.Bg2 Bb7 5.O-O Be7 6.d4 O-O 7.Re1 d5 8.cxd5 exd5
9.Nc3 Ne4 10.Bf4 c5 11.dxc5 Nxc3 12.bxc3 Bxc5 13.Ne5 Nd7 14.Bxd5 Bxd5 15.Qxd5 Nxe5
16.Qxe5 Re8 17.Qh5 Qf6 18.Qf3 Rac8 19.a4 Bf8 20.Rec1 Rc5 21.Rab1 Rec8 22.Qb7 Qe7
23.Qa6 R8c6 24.Qd3 Ra5 25.Rb4 Re6 26.Rd4 Rxe2 27.Rd7 Re1+ 28.Kg2 Qe4+ 29.Qxe4 Rxe4
30.Rd8 Re6 31.Rcd1 Rxa4 32.Rc8 g5 33.Bd6 Rxd6 34.Rxd6 Rc4 35.Ra8 Kg7 36.Rd5 a5
37.Rxg5+ Kf6 38.Rd5 Bc5 39.Rd3 a4 40.Rf3+ Ke6 41.Kf1 Re4 42.Re8+ Be7 43.Rd3 a3
44.Ra8 b5 45.Ra6+ Kf5 46.f3 Re5 47.f4 Re4 48.h3 Re6 49.Ra5 Ke4 50.Ke2 Bc5
51.Rxb5  1-0

[Event "Linklater Mem"]
[Site "San Francisco USA"]
[Date "2001.03.04"]
[Round "7"]
[White "Shahade,G"]
[Black "Wojtkiewicz,A"]
[Result "1/2-1/2"]
[WhiteElo "2456"]
[BlackElo "2572"]

1.e4 c5 2.Nf3 d6 3.d4 cxd4 4.Nxd4 Nf6 5.Nc3 a6 6.Be3 e6 7.f3 b5 8.Qd2 Nbd7
9.g4 Nb6 10.Bd3 Bb7 11.O-O-O Rc8 12.Kb1 Be7 13.h4 Nfd7 14.g5 Ne5 15.Qe1 Nbc4
16.Bc1 Qb6 17.Nce2 d5 18.Qg3 Bd6 19.Qg2 Bc5 20.Nb3 Ne3 21.Qg3 Nxd1 22.Qxe5 Nf2
23.Qxg7 Rf8 24.Rf1 dxe4 25.fxe4 Nxd3 26.cxd3 Qd6 27.Nxc5 Qxc5 28.g6 Qc2+
29.Ka1 Qxe2 30.gxf7+ Kd7 31.Qd4+ Bd5 32.Rg1 Qf3 33.exd5 Qxd5 34.Qg7 Qf5 35.Qd4+ Qd5
36.Qg7 Qf5 37.Qd4+  1/2-1/2

[Event "Linklater Mem"]
[Site "San Francisco USA"]
[Date "2001.03.05"]
[Round "8"]
[White "Wojtkiewicz,A"]
[Black "Stearns,A"]
[Result "1-0"]
[WhiteElo "2572"]
[BlackElo "2246"]

1.Nf3 Nf6 2.c4 e6 3.g3 b6 4.Bg2 Bb7 5.O-O c5 6.Nc3 Be7 7.Re1 O-O 8.e4 a6
9.d4 cxd4 10.Nxd4 Ra7 11.Be3 d6 12.a4 Ba8 13.a5 Nfd7 14.Na4 Nc5 15.axb6 Rd7
16.b4 Nxe4 17.Qc2 d5 18.cxd5 exd5 19.Nc5 Qxb6 20.Nxd7 Nxd7 21.Nf5  1-0

[Event "Linklater Mem"]
[Site "San Francisco USA"]
[Date "2001.03.08"]
[Round "11"]
[White "Altounian,L"]
[Black "Wojtkiewicz,A"]
[Result "0-1"]
[WhiteElo "2441"]
[BlackElo "2572"]

1.e4 c5 2.c3 Nf6 3.e5 Nd5 4.Nf3 Nc6 5.Bc4 e6 6.O-O d6 7.d4 cxd4 8.cxd4 Be7
9.exd6 Qxd6 10.Nc3 O-O 11.Re1 Rd8 12.Bb3 Nf6 13.Nb5 Qd7 14.Bf4 a6 15.Nc7 Ra7
16.d5 exd5 17.Rc1 h6 18.Ne5 Qf5 19.Bg3 Bd6 20.Bc2 Qg5 21.h4 Qxg3 22.fxg3 Bxe5
23.Rxe5 Nxe5 24.Qd4 Nc6 25.Qb6 Nd7 26.Qf2 Nde5 27.Rd1 d4 28.Bb3 b5 29.Nd5 Be6
30.Nf4 Bg4 31.Rc1 Rad7 32.Rc5 d3 33.Bd5 Nb4 34.Qd4 Nec6 35.Qe3 Nxd5 36.Rxd5 Rxd5
37.Nxd5 Be6 38.Nc3 d2 39.Qf3 Ne5 40.Qe2 f6 41.b3 Bg4 42.Qe4 Rd3 43.Qa8+ Kh7
44.Qe4+ f5  0-1

[Event "Bank Pocztowy Open A"]
[Site "Bydgoszcz POL"]
[Date "2001.04.27"]
[Round "1"]
[White "Pacuszka,T"]
[Black "Wojtkiewicz,A"]
[Result "0-1"]
[WhiteElo "2306"]
[BlackElo "2576"]

1.d4 Nf6 2.Nf3 g6 3.Bf4 c5 4.e3 cxd4 5.exd4 Bg7 6.c3 O-O 7.h3 d6 8.Bd3 Be6
9.O-O Qb6 10.Qe2 Nc6 11.Na3 Rac8 12.Nc4 Qc7 13.Ne3 a6 14.Ng5 Bd7 15.Bh2 e5
16.dxe5 dxe5 17.Rfd1 Rce8 18.Kh1 Bc8 19.Ne4 Nxe4 20.Bxe4 f5 21.Bd5+ Kh8 22.f3 Be6
23.Bxe6 Rxe6 24.Qc4 Qf7 25.Qe2 Rfe8 26.Nc4 Qe7 27.Nd2 h5 28.a4 Kh7 29.Rac1 Bh6
30.Bg1 Rd8 31.Rb1 e4 32.Nf1 Rxd1 33.Rxd1 e3 34.Rd5 h4 35.Nh2 f4 36.Ng4 Rd6
37.Rxd6 Qxd6 38.Qc4 Ne5 39.Qe4 Nxg4 40.hxg4 Bg7 41.Kh2 Qd1 42.Qxb7 Qe1 43.Qa7 Qg3+
44.Kh1  0-1

[Event "Bank Pocztowy Open A"]
[Site "Bydgoszcz POL"]
[Date "2001.05.03"]
[Round "6"]
[White "Wojtkiewicz,A"]
[Black "Cyborowski,L"]
[Result "1/2-1/2"]
[WhiteElo "2576"]
[BlackElo "2450"]

1.d4 Nf6 2.Nf3 c5 3.d5 b5 4.Bg5 d6 5.Bxf6 exf6 6.e4 a6 7.a4 b4 8.Be2 g6 9.Nbd2 Nd7
10.a5 Bg7 11.Nc4 Qc7 12.O-O O-O 13.Nfd2 Bb7 14.Bf3 Bh6 15.g3 Ne5 16.Be2 Rae8
17.f4 Nxc4 18.Bxc4 Bg7 19.Ra2  1/2-1/2

[Event "Bank Pocztowy Open A"]
[Site "Bydgoszcz POL"]
[Date "2001.05.05"]
[Round "8"]
[White "Wojtkiewicz,A"]
[Black "Zontakh,A"]
[Result "1/2-1/2"]
[WhiteElo "2576"]
[BlackElo "2532"]

1.Nf3 Nf6 2.c4 g6 3.g3 Bg7 4.Bg2 O-O 5.d4 d6 6.Nc3 Nbd7 7.O-O e5 8.e4 c6
9.Rb1 exd4 10.Nxd4 Qb6 11.Nde2 Ne8 12.Bg5 f6 13.Be3 Qb4 14.b3 Ne5 15.h3 f5
16.f4 Nf7 17.a3 Qa5 18.b4 Qd8 19.exf5 Bxf5 20.Rc1 a6 21.g4 Be6 22.Qd3 Qe7
23.Nd4 Bxc4 24.Qd2 Bxf1 25.Rxf1 d5 26.Re1 Qd7 27.Na4 Ned6 28.Nb6 Qe7 29.Bf2 Ne4
30.Nxa8 Rxa8 31.Bxe4 dxe4 32.Nb3 Rd8 33.Qc2 Re8 34.Nd2 Nd6 35.Bc5 Qe6 36.Bxd6 Qxd6
37.Nxe4 Qd4+ 38.Kg2 Rd8 39.Qb3+ Kh8 40.Qf3  1/2-1/2

[Event "Bank Pocztowy Open A"]
[Site "Bydgoszcz POL"]
[Date "2001.05.06"]
[Round "9"]
[White "Lanka,Z"]
[Black "Wojtkiewicz,A"]
[Result "1/2-1/2"]
[WhiteElo "2483"]
[BlackElo "2576"]

1.e4 Nc6 2.Nf3 e6 3.d4 d5 4.Nc3 Bb4 5.e5 Nge7 6.Be2 b6 7.a3 Bxc3+ 8.bxc3 Bb7
9.O-O Qd7 10.Re1 h6 11.Bf1  1/2-1/2

[Event "Rapidplay"]
[Site "Liepaja LAT"]
[Date "2001.08.02"]
[Round "1"]
[White "Sadvakasov,D"]
[Black "Wojtkiewicz,A"]
[Result "1/2-1/2"]
[WhiteElo "2568"]
[BlackElo "2568"]

1.e4 c5 2.Nf3 g6 3.d4 Bg7 4.c4 Qb6 5.dxc5 Qxc5 6.Bd3 d6 7.O-O Bg4 8.Nbd2 Nf6
9.h3 Bd7 10.Nb3 Qc8 11.e5 dxe5 12.Nxe5 O-O 13.Qe2 Nc6 14.Nxd7 Nxd7 15.Bg5 a5
16.Rad1 a4 17.Nc1 Nc5 18.Bb1 Qe6 19.Rfe1 Qxe2 20.Rxe2 Rfd8 21.Red2 Rxd2 22.Rxd2 a3
23.bxa3 Rxa3 24.Be3 Rc3 25.Rc2 Rxc2 26.Bxc2 Bd4 27.Bd2 Ne5 28.Nb3 Nxc4 29.Bg5 Nxb3
30.axb3 Na3 31.Be4 Bc5 32.Bh6 Nb5 33.Kf1  1/2-1/2

[Event "Rapidplay"]
[Site "Liepaja LAT"]
[Date "2001.08.03"]
[Round "4"]
[White "Dlugy,M"]
[Black "Wojtkiewicz,A"]
[Result "1-0"]
[WhiteElo "2531"]
[BlackElo "2568"]

1.d4 d5 2.c4 c6 3.Nf3 Nf6 4.Qc2 dxc4 5.Qxc4 Bf5 6.g3 e6 7.Bg2 Nbd7 8.O-O Be7
9.e3 O-O 10.Rd1 Rc8 11.Nc3 Ne4 12.Nd2 Nxd2 13.Rxd2 Qa5 14.e4 Bg6 15.Rd1 b5
16.Qe2 b4 17.Nb1 c5 18.Nd2 cxd4 19.Nb3 Qb6 20.Nxd4 Ne5 21.Be3 Bc5 22.Rac1 Rfd8
23.Rc2 Rb8 24.Rcd2 h5 25.h3 Rbc8 26.b3 Kh7 27.Kh2 Rd7 28.Nc2 Rxd2 29.Rxd2  1-0

[Event "Rapidplay"]
[Site "Liepaja LAT"]
[Date "2001.08.04"]
[Round "8"]
[White "Fridman,D"]
[Black "Wojtkiewicz,A"]
[Result "1/2-1/2"]
[WhiteElo "2562"]
[BlackElo "2568"]

1.d4 Nf6 2.Nf3 d5 3.c4 c6 4.e3 Bf5 5.Bd3 Bxd3 6.Qxd3 e6 7.O-O Nbd7 8.Nc3 Bb4
9.Bd2 a5 10.b3 O-O 11.Na4 Bd6 12.Nc3 Bb4 13.Na4  1/2-1/2

[Event "Rapidplay"]
[Site "Liepaja LAT"]
[Date "2001.08.04"]
[Round "11"]
[White "Wojtkiewicz,A"]
[Black "Magem Badals,J"]
[Result "1-0"]
[WhiteElo "2568"]
[BlackElo "2513"]

1.Nf3 d5 2.d4 Nf6 3.c4 dxc4 4.e3 e6 5.Bxc4 c5 6.Qe2 cxd4 7.exd4 Be7 8.O-O a6
9.Rd1 O-O 10.Nc3 b5 11.Bd3 Nbd7 12.Ne5 Bb7  1-0

[Event "US Open"]
[Site "Framingham USA"]
[Date "2001.08.09"]
[Round "6"]
[White "Wojtkiewicz,A"]
[Black "Donaldson,J"]
[Result "1/2-1/2"]
[WhiteElo "2568"]
[BlackElo "2435"]

1.e4 c5 2.Nf3 Nc6 3.d4 cxd4 4.Nxd4 g6 5.c4 Nf6 6.Nc3 d6 7.Nc2 Bg7 8.Be2 Nd7
9.Bd2 O-O 10.O-O a5 11.Kh1 Nc5 12.f3 f5 13.exf5 Bxf5 14.Ne3 Nd4 15.Nxf5 Nxf5
16.g4 Nd4  1/2-1/2

[Event "US Open"]
[Site "Framingham USA"]
[Date "2001.08.11"]
[Round "8"]
[White "Wojtkiewicz,A"]
[Black "Friedman,J"]
[Result "1-0"]
[WhiteElo "2568"]
[BlackElo "2118"]

1.Nf3 Nf6 2.c4 g6 3.g3 Bg7 4.Bg2 O-O 5.d4 d6 6.Nc3 c5 7.O-O Nc6 8.d5 Na5
9.Nd2 a6 10.Rb1 Nd7 11.Qc2 Ne5 12.b3 Bd7 13.h3 f5 14.f4 Nf7 15.Bb2 b5 16.Nd1 Bxb2
17.Nxb2 bxc4 18.bxc4 Rb8 19.Nd3 Qc7 20.Qc3 Rfc8 21.e4 fxe4 22.Nxe4 Nb7 23.Rb2 Nbd8
24.Re2 Nb7 25.g4 Rf8 26.Ng3 Rbe8 27.Rfe1 Bc8 28.f5 Nfd8 29.Be4 g5 30.Nh5 Rf7
31.Qc1 h6 32.h4 Kh8 33.hxg5 hxg5 34.Qxg5 Rg8 35.Qh4 Rh7 36.Ndf4  1-0

[Event "US Open"]
[Site "Framingham USA"]
[Date "2001.08.12"]
[Round "9"]
[White "Sagalchik,G"]
[Black "Wojtkiewicz,A"]
[Result "0-1"]
[WhiteElo "2537"]
[BlackElo "2568"]

1.d4 Nf6 2.c4 g6 3.Nc3 Bg7 4.e4 O-O 5.Bd3 Nc6 6.Nge2 d6 7.O-O a5 8.h3 e5
9.d5 Nb4 10.Bb1 Bd7 11.Be3 Nh5 12.a3 Na6 13.Bc2 Qe8 14.Rb1 f5 15.exf5 gxf5
16.f4 exf4 17.Bxf4 Nxf4 18.Nxf4 Nc5 19.Nb5 Qe3+ 20.Kh1 Ne4 21.Bxe4 fxe4 22.Nxc7 Rxf4
23.Rxf4 Rc8 24.Qf1 Be5 25.Rf5 Bxf5 26.Qxf5 Rxc7 27.Qg4+ Kh8 28.Rf1 Qh6 29.Qxe4 Rf7
30.Re1 Qg5  0-1

[Event "Governor's Cup"]
[Site "Sioux Falls USA"]
[Date "2001.09.22"]
[Round "4"]
[White "Karklins,A"]
[Black "Wojtkiewicz,A"]
[Result "0-1"]
[WhiteElo "2380"]
[BlackElo "2568"]

1.e4 c5 2.Nf3 Nf6 3.d4 cxd4 4.Nxd4 d6 5.Nc3 a6 6.Qf3 Qb6 7.Nf5 e6 8.Ne3 Qc7
9.g4 Nc6 10.Qh3 g6 11.Bg2 Bg7 12.O-O g5 13.f4 h6 14.e5 dxe5 15.f5 Nd4 16.Kh1 h5
17.Qg3 hxg4 18.fxe6 Bxe6 19.Rxf6 Bxf6 20.Ned5 Qd6 21.Bd2 Bxd5 22.Nxd5 Nf3
23.Bxf3 gxf3 24.Nxf6+ Qxf6 25.Bxg5 Qf5 26.Re1 f6 27.Bxf6 Qxf6 28.Rxe5+ Kf7
29.Re3 Rxh2+ 30.Kxh2 Qh6+ 31.Qh3 Qf4+ 32.Kh1 Qxe3 33.Qh7+ Ke6 34.Qg6+ Kd7  0-1

[Event "Smartchess.com It"]
[Site "New York USA"]
[Date "2001.10.09"]
[Round "3"]
[White "Wojtkiewicz,A"]
[Black "Shahade,G"]
[Result "1/2-1/2"]
[WhiteElo "2573"]
[BlackElo "2459"]

1.d4 Nf6 2.c4 g6 3.Nf3 Bg7 4.g3 d5 5.cxd5 Nxd5 6.Bg2 Nb6 7.Nc3 Nc6 8.e3 O-O
9.O-O Re8 10.d5 Na5 11.Nd4 Bd7 12.Nb3 Nac4 13.Nc5 Bc8 14.Qc2 Qd6 15.N5e4 Qe5
16.f4 Qf5 17.Qe2 c6 18.dxc6 bxc6 19.b3 Nd6 20.Bb2 Qa5 21.Nxd6 exd6 22.Bxc6 Ba6
23.Qd2 Rac8 24.Bxe8 Bxf1 25.Kxf1 Bxc3 26.Bxc3 Qxc3 27.Qxc3 Rxc3 28.Re1 a6
29.Rd1 d5 30.Ke2 Kf8 31.Kd2 Rc8 32.Ba4 Nxa4 33.bxa4 Rc4 34.a3 a5  1/2-1/2

[Event "Smartchess.com It"]
[Site "New York USA"]
[Date "2001.10.16"]
[Round "1"]
[White "Krush,I"]
[Black "Wojtkiewicz,A"]
[Result "0-1"]
[WhiteElo "2411"]
[BlackElo "2573"]

1.e4 c5 2.Nf3 g6 3.c3 Bg7 4.d4 cxd4 5.cxd4 d5 6.e5 Bg4 7.Nc3 Nc6 8.Bb5 e6
9.h3 Bxf3 10.Qxf3 Ne7 11.Qd3 O-O 12.O-O f6 13.f4 Nb4 14.Qe2 Nf5 15.Rd1 Qb6
16.Kh2 a6 17.Ba4 Nxd4 18.Qe3 fxe5 19.fxe5 Qc7 20.Rxd4 Qxe5+  0-1

[Event "10th Open"]
[Site "King's Island USA"]
[Date "2001.11.10"]
[Round "2"]
[White "Bereolos,P"]
[Black "Wojtkiewicz,A"]
[Result "1/2-1/2"]
[WhiteElo "2313"]
[BlackElo "2573"]

1.d4 Nf6 2.c4 g6 3.Nc3 Bg7 4.e4 O-O 5.f4 d6 6.Nf3 a6 7.a3 c6 8.Be2 b5 9.O-O bxc4
10.Bxc4 d5 11.Bd3 dxe4 12.Nxe4 Bg4 13.Ned2 Nd5 14.Nb3 Nd7 15.h3 Bxf3 16.Rxf3 a5
17.Be4 a4 18.Bxd5 cxd5 19.Nc5 Nxc5 20.dxc5 Qa5 21.Qxd5 Rfd8 22.Qc4 Rd1+ 23.Kh2 Qe1
24.Re3 Qg1+ 25.Kg3 Bd4 26.Re2 Bxc5 27.Be3 Bxe3 28.Rxd1 Bf2+ 29.Rxf2 Qxd1
30.Qc2 Qd6 31.Rd2 Qf6 32.Qe4 Ra5 33.Rd4 e5 34.Rxa4 Rxa4  1/2-1/2

[Event "10th Open"]
[Site "King's Island USA"]
[Date "2001.11.10"]
[Round "3"]
[White "Multhopp,H"]
[Black "Wojtkiewicz,A"]
[Result "0-1"]
[WhiteElo "2294"]
[BlackElo "2573"]

1.e4 c5 2.Nf3 g6 3.d4 Bg7 4.c4 Qb6 5.dxc5 Qxc5 6.Be2 d6 7.O-O Nc6 8.Nc3 Bxc3
9.bxc3 Nf6 10.Qc2 O-O 11.Rb1 Na5 12.Bg5 Nxc4 13.Bxc4 Qxc4 14.Bxf6 exf6 15.Nd4 b6
16.Rfe1 Bd7 17.Re3 Rac8 18.Qd2 Rfe8 19.Rbe1 d5 20.f3 Re5 21.exd5 Qxd5 22.f4 Rxe3
23.Rxe3 h5 24.h3 Bf5 25.Kh2 Be4 26.Qe2 f5 27.g4 hxg4 28.hxg4 Kg7 29.gxf5 Bxf5
30.Nxf5+ Qxf5 31.Kg3 Rh8 32.Qg2 Qf6 33.Re5 Qh4+ 34.Kf3 Qh3+  0-1

[Event "American Open"]
[Site "Los Angeles USA"]
[Date "2001.11.25"]
[Round "8"]
[White "Ambarcumjan,A"]
[Black "Wojtkiewicz,A"]
[Result "1/2-1/2"]
[WhiteElo "2388"]
[BlackElo "2573"]

1.d4 Nf6 2.Nf3 g6 3.c4 Bg7 4.Nc3 O-O 5.e4 c6 6.Be2 d5 7.e5 Ne4 8.cxd5 cxd5
9.O-O Nc6 10.Qb3 Nxc3 11.bxc3 Na5  1/2-1/2

[Event "XIV Carlos Torre"]
[Site "Merida MEX"]
[Date "2001.12.14"]
[Round "1"]
[White "Hernandez,T"]
[Black "Wojtkiewicz,A"]
[Result "1-0"]
[WhiteElo "2174"]
[BlackElo "2573"]

1.e4 c5 2.d4 cxd4 3.c3 dxc3 4.Nxc3 Nc6 5.Nf3 e6 6.Bc4 Qc7 7.Qe2 a6 8.O-O Nge7
9.Be3 Ng6 10.Rac1 Bd6 11.Bb3 Bf4 12.Rfd1 O-O 13.Na4 Bxe3 14.Qxe3 b5 15.Nc5 d6
16.Nd3 Bd7 17.h4 Rad8 18.h5 Nge7 19.h6 e5 20.Qg5 Ng6 21.Nh4 gxh6 22.Qxh6 Kh8
23.Nf5 Rg8 24.Nb4  1-0

[Event "XIV Carlos Torre"]
[Site "Merida MEX"]
[Date "2001.12.17"]
[Round "4"]
[White "Wojtkiewicz,A"]
[Black "Ancheyta,T"]
[Result "1/2-1/2"]
[WhiteElo "2573"]
[BlackElo "2308"]

1.Nf3 Nf6 2.c4 g6 3.g3 Bg7 4.Bg2 O-O 5.d4 d5 6.cxd5 Nxd5 7.O-O Nd7 8.e4 N5b6
9.Nc3 c5 10.d5 Ne5 11.Nxe5 Bxe5 12.Be3 Nc4 13.Bh6 Nxb2 14.Qb3 Qa5 15.Bxf8 Kxf8
16.Rac1 Nd3 17.Rc2  1/2-1/2

[Event "XIV Carlos Torre"]
[Site "Merida MEX"]
[Date "2001.12.20"]
[Round "7"]
[White "Wojtkiewicz,A"]
[Black "Gonzalez,A"]
[Result "1-0"]
[WhiteElo "2573"]
[BlackElo "2156"]

1.Nf3 d5 2.d4 Bf5 3.c4 c6 4.cxd5 Bxb1 5.Rxb1 Qxd5 6.a3 Nf6 7.e3 e6 8.Qc2 Be7
9.Bd3 h6 10.O-O O-O 11.Qe2 e5  1-0

[Event "Aeroflot Open"]
[Site "Moscow RUS"]
[Date "2002.02.05"]
[Round "1"]
[White "Loginov,Va"]
[Black "Wojtkiewicz,A"]
[Result "1-0"]
[WhiteElo "2524"]
[BlackElo "2535"]

1.Nf3 c5 2.g3 g6 3.Bg2 Bg7 4.c4 Nc6 5.Nc3 d6 6.O-O Nf6 7.d4 cxd4 8.Nxd4 Bd7
9.Nc2 O-O 10.b3 Qc8 11.Re1 Bh3 12.e4 Bxg2 13.Kxg2 a6 14.Bd2 Rb8 15.Rc1 b5
16.cxb5 axb5 17.Nd5 Qb7 18.Ncb4 Nxb4 19.Rc7 Nd3 20.Nxe7+ Kh8 21.Rxb7 Rxb7
22.Re3 Nxf2 23.Kxf2 Rxe7 24.e5 dxe5 25.Bb4 Rd7 26.Rd3 Rfd8 27.Rxd7 Rxd7 28.Qc2 h5
29.a4 bxa4 30.bxa4 Rd4 31.Be1 e4 32.a5 Rd3 33.Ke2 Nd5 34.Qa4 Re3+ 35.Kd1 Rd3+
36.Kc1 Bh6+ 37.Kb1 Bd2 38.Bxd2 Rxd2 39.Kc1 e3 40.a6 Kh7 41.a7 Nc3 42.Qc4 Na2+
43.Kb1 Rf2 44.a8=Q e2  1-0

[Event "Aeroflot Open"]
[Site "Moscow RUS"]
[Date "2002.02.06"]
[Round "3"]
[White "Vlassov,N"]
[Black "Wojtkiewicz,A"]
[Result "0-1"]
[WhiteElo "2454"]
[BlackElo "2535"]

1.e4 c5 2.c3 Nf6 3.e5 Nd5 4.d4 cxd4 5.cxd4 Nc6 6.Nc3 e6 7.Nf3 d6 8.Bb5 Nxc3
9.bxc3 Bd7 10.Qe2 Qa5 11.Rb1 a6 12.Bd3 Nxd4 13.Nxd4 Qxc3+ 14.Bd2 Qxd4 15.Rxb7 Bc6
16.Rc7 Qa1+ 17.Qd1 Qxe5+ 18.Kf1 Qd5 19.Qf3 Qxf3 20.gxf3 Bb5 21.Ke2 d5 22.Bf4 Be7
23.Rhc1 Bd8 24.Rb7 Bxd3+ 25.Kxd3 O-O 26.Bd6 Re8 27.f4 h6 28.a4 a5 29.Rc6 Bf6
30.Rcc7 Red8 31.Be5 Bxe5 32.fxe5 Rf8 33.Kd4 Rac8 34.Kc5 Rxc7+ 35.Rxc7 Rb8
36.Ra7 Rb2 37.Rxa5 Rxf2 38.Rb5 Rxh2 39.a5 Ra2 40.Kb6 d4 41.a6 Kh7 42.Rb4 g5
43.Rxd4 h5 44.a7 h4 45.Rd2 Rxa7 46.Kxa7 h3 47.Rf2 g4 48.Kb6 g3 49.Rxf7+ Kg6  0-1

[Event "Aeroflot Open"]
[Site "Moscow RUS"]
[Date "2002.02.07"]
[Round "5"]
[White "Prokopchuk,E"]
[Black "Wojtkiewicz,A"]
[Result "1-0"]
[WhiteElo "2508"]
[BlackElo "2535"]

1.e4 c5 2.Nf3 g6 3.d4 Bg7 4.d5 Nf6 5.Nc3 d6 6.Be2 O-O 7.O-O e6 8.Nd2 exd5
9.exd5 Nbd7 10.Nc4 Nb6 11.Ne3 Bd7 12.a4 Rb8 13.a5 Nc8 14.Nc4 Ne8 15.Bf4 b5
16.axb6 axb6 17.Ne4 Qc7 18.Ra2 b5 19.Ne3 Nf6 20.Nxf6+ Bxf6 21.Bg4 Bg7 22.Bxd7 Qxd7
23.Qf3 Nb6 24.Qg3 Rfd8 25.b3 Ra8 26.Rxa8 Nxa8 27.c4 Nc7 28.b4 cxb4 29.c5 Nxd5
30.Nxd5 dxc5 31.Rd1 Qe6 32.Qf3 Bd4 33.Nc7 Qa2 34.Nxb5 Bxf2+ 35.Kh1 Rxd1+
36.Qxd1 Bh4 37.Be5 Qc4 38.Nc7 Qe4 39.Bg3 Bf6 40.h3 Qd4 41.Qf3 Qa1+ 42.Kh2 Bd4
43.Bf2 b3 44.Bxd4 Qxd4 45.Qxb3 c4 46.Qb8+ Kg7 47.Nb5 Qd5 48.Nc3 Qd4 49.Qg3 h5
50.Ne2 Qe4 51.Qc3+ Kg8 52.Nd4 Qe5+ 53.Kh1 Qd5 54.Nf3 Qc5 55.Kh2 Qd6+ 56.Kg1 Qc5+
57.Kf1 Qd5 58.Ne5 g5 59.Nxc4 Qf5+ 60.Ke2 Qe4+  1-0

[Event "Aeroflot Open"]
[Site "Moscow RUS"]
[Date "2002.02.08"]
[Round "6"]
[White "Wojtkiewicz,A"]
[Black "Zubarev,A1"]
[Result "1-0"]
[WhiteElo "2535"]
[BlackElo "2480"]

1.Nf3 Nf6 2.c4 e6 3.g3 d5 4.d4 Bb4+ 5.Bd2 Be7 6.Bg2 O-O 7.O-O Nbd7 8.Qc2 c6
9.Rd1 b6 10.Bf4 Ba6 11.Ne5 Qc8 12.Nc3 Bxc4 13.Nxc4 dxc4 14.Ne4 b5 15.Nd6 Bxd6
16.Bxd6 Rd8 17.a4 Nd5 18.e4 N5f6 19.b3 cxb3 20.Qxb3 Nxe4 21.Bxe4 Nf6 22.Be7 Nxe4
23.Bxd8 Qxd8 24.Rac1 Qf6 25.Qc2 Qf3 26.Rd3 Qf5 27.Re3 Nd6 28.Qxc6 Qd5 29.Qxd5 exd5
30.Re5 bxa4 31.Rxd5 Ne4 32.Ra5 g6 33.Rc7 Nd2 34.Kg2 a6 35.Rxa4  1-0

[Event "Aeroflot Open"]
[Site "Moscow RUS"]
[Date "2002.02.09"]
[Round "7"]
[White "Zulfugarli,M"]
[Black "Wojtkiewicz,A"]
[Result "1/2-1/2"]
[WhiteElo "2430"]
[BlackElo "2535"]

1.e4 c5 2.Nf3 g6 3.d4 Bg7 4.Nc3 cxd4 5.Nxd4 Nc6 6.Be3 Nf6 7.Bc4 O-O 8.Bb3 a5
9.O-O d6 10.f3 Nxd4 11.Bxd4 Bd7 12.a4 Bc6 13.Nd5 Nd7 14.c3 Nc5 15.Bc2 Bxd4+
16.Qxd4 e5 17.Qd2 Bxd5 18.exd5 f5 19.Kh1 Rb8 20.f4 exf4 21.Rxf4  1/2-1/2

[Event "Aeroflot Open"]
[Site "Moscow RUS"]
[Date "2002.02.09"]
[Round "8"]
[White "Wojtkiewicz,A"]
[Black "Bologan,V"]
[Result "0-1"]
[WhiteElo "2535"]
[BlackElo "2651"]

1.Nf3 c5 2.c4 Nc6 3.d4 cxd4 4.Nxd4 e6 5.g3 Qb6 6.e3 Bc5 7.Nb3 Be7 8.Bg2 Nf6
9.O-O O-O 10.Nc3 d6 11.Nd2 Rd8 12.Nde4 Nxe4 13.Nxe4 Qa6 14.b3 d5 15.cxd5 exd5
16.Nc3 Be6 17.Bb2 d4 18.exd4 Nxd4 19.Qh5 Rac8 20.Nd5 Rxd5 21.Bxd5 Qe2 22.Bxe6 Qxh5
23.Bxc8 Ne2+ 24.Kh1 Qf3+  0-1

[Event "Aeroflot Open"]
[Site "Moscow RUS"]
[Date "2002.02.10"]
[Round "9"]
[White "Chernikov,O"]
[Black "Wojtkiewicz,A"]
[Result "1/2-1/2"]
[WhiteElo "2460"]
[BlackElo "2535"]

1.Nf3 d5 2.d4 Nf6 3.c4 c6 4.cxd5 cxd5 5.Nc3 Nc6 6.Bf4 Bf5 7.e3 e6 8.Bd3 Bxd3
9.Qxd3 Bd6 10.Bxd6 Qxd6 11.O-O O-O  1/2-1/2

[Event "US Masters"]
[Site "Chicago USA"]
[Date "2002.03.03"]
[Round "6"]
[White "Wojtkiewicz,A"]
[Black "Andrianov,N"]
[Result "1-0"]
[WhiteElo "2535"]
[BlackElo "2450"]

1.Nf3 f5 2.g3 Nf6 3.Bg2 g6 4.c4 Bg7 5.d4 O-O 6.b4 d6 7.Bb2 Qe8 8.Qb3 c6 9.O-O Kh8
10.Nbd2 Be6 11.Qc2 Na6 12.a3 d5 13.Ne5 g5 14.e3 g4 15.cxd5 cxd5 16.Rfc1 Ne4
17.Nxe4 fxe4 18.Qe2 Bxe5 19.dxe5 Rc8 20.Rxc8 Qxc8 21.Rc1 Qd7 22.Bd4 Rc8 23.Rxc8+ Qxc8
24.Bf1 Qb8 25.Qc2 Kg8 26.b5 Nc7 27.Qc5  1-0

[Event "National Open"]
[Site "Las Vegas USA"]
[Date "2002.03.09"]
[Round "4"]
[White "Wojtkiewicz,A"]
[Black "Strugatsky,V"]
[Result "1-0"]
[WhiteElo "2535"]
[BlackElo "2431"]

1.Nf3 d5 2.d4 Nf6 3.c4 e6 4.g3 dxc4 5.Bg2 a6 6.O-O Nc6 7.e3 Bd7 8.Qe2 b5
9.Rd1 Be7 10.e4 O-O 11.Nc3 Qc8 12.e5 Nd5 13.Ng5 Bxg5 14.Bxg5 h6 15.Bxh6 gxh6
16.Qg4+ Kh8 17.Qh4 Nxc3 18.Qxh6+ Kg8 19.Qg5+ Kh8 20.bxc3 Qd8 21.Qh6+ Kg8
22.Be4 f5 23.Bxc6 Rc8 24.d5 Qe8 25.Qg5+ Kh8 26.Rd4 Rf7 27.dxe6 Qxe6 28.Bd5  1-0

[Event "30th World Open"]
[Site "Philadelphia USA"]
[Date "2002.06.30"]
[Round "2"]
[White "Wojtkiewicz,A"]
[Black "Dokutchaev,A"]
[Result "1-0"]
[WhiteElo "2554"]
[BlackElo "2425"]

1.Nf3 e6 2.c4 c5 3.g3 d5 4.Bg2 Nc6 5.cxd5 exd5 6.d4 Nf6 7.O-O Be7 8.b3 O-O
9.Bb2 Ne4 10.Nc3 Bf6 11.Nxe4 dxe4 12.Nd2 Bxd4 13.Bxd4 cxd4 14.Nxe4 Qe7 15.Rc1 Bf5
16.Nc5 Rac8 17.Qd2 b6 18.Nd3 Be4 19.Bxe4 Qxe4 20.Rc4 Na5 21.Rc2 Rxc2 22.Qxc2 Re8
23.Rc1 h6 24.b4 Nb7 25.Qc7 Re7 26.Qb8+ Kh7 27.Rc8 Nd6 28.Rh8+  1-0

[Event "30th World Open"]
[Site "Philadelphia USA"]
[Date "2002.07.04"]
[Round "6"]
[White "Wojtkiewicz,A"]
[Black "Dougherty,M"]
[Result "1-0"]
[WhiteElo "2554"]
[BlackElo "2320"]

1.Nf3 g6 2.d4 Bg7 3.c4 d6 4.Nc3 Nf6 5.g3 O-O 6.Bg2 c6 7.O-O Nbd7 8.e4 e5
9.Rb1 a5 10.h3 Rb8 11.Re1 Re8 12.Be3 Qe7 13.Qc2 b5 14.c5 Nh5 15.cxd6 Qxd6
16.Rbd1 Qe7 17.Ne2 exd4 18.Nexd4 Bb7 19.Nxc6 Bxc6 20.Qxc6 Ne5 21.Nxe5 Bxe5
22.Re2 Qb4 23.Qc1 Red8 24.Red2 Rdc8 25.Qb1 a4 26.Kh2 a3 27.bxa3 Qxa3 28.Rd3 Bc3
29.e5 Ng7 30.Bd5 b4 31.Bb3 Ne6 32.Rd7 Bxe5 33.Qe4 Qb2 34.R7d2 Qc3 35.Rc2  1-0

[Event "Atlantic Open"]
[Site "Washington DC USA"]
[Date "2002.08.25"]
[Round "5"]
[White "Najer,E"]
[Black "Wojtkiewicz,A"]
[Result "0-1"]
[WhiteElo "2585"]
[BlackElo "2555"]

1.e4 c5 2.Nf3 g6 3.d4 Bg7 4.d5 Nf6 5.Nc3 O-O 6.e5 Ne8 7.Be2 d6 8.exd6 Nxd6
9.O-O Bg4 10.Re1 Nd7 11.a4 Re8 12.a5 a6 13.Ra4 Nf6 14.Bf4 Bd7 15.Ra2 Bb5
16.Nxb5 axb5 17.Bxd6 exd6 18.Bxb5 Rxe1+ 19.Qxe1 Nxd5 20.c3 Nf6 21.a6 Qb6
22.Qe2 d5 23.Ra4 bxa6 24.Rxa6 Rxa6 25.Bxa6 c4 26.Bc8 Ne4 27.h4 Bh6 28.Ng5 Bxg5
29.hxg5 Qd8 30.Qg4 Nxg5 31.Bb7 Ne4 32.Qf4 Kg7 33.Qe5+ Nf6 34.g3 Qb6 35.Bc8 Qxb2
36.g4 h6 37.f4 Qc1+ 38.Kg2 g5 39.fxg5 Qxg5 40.Qd4 h5  0-1

[Event "Imre Konig Mem"]
[Site "San Francisco USA"]
[Date "2002.09.12"]
[Round "7"]
[White "Fedorowicz,J"]
[Black "Wojtkiewicz,A"]
[Result "1/2-1/2"]
[WhiteElo "2509"]
[BlackElo "2555"]

1.d4 d5 2.c4 c6 3.Nf3 Nf6 4.e3 e6 5.Nbd2 Nbd7 6.Bd3 Bd6 7.e4 dxe4 8.Nxe4 Nxe4
9.Bxe4 Bb4+ 10.Bd2 Bxd2+ 11.Qxd2 c5 12.dxc5 Nxc5 13.Qxd8+ Kxd8 14.Bc2 a5
15.O-O-O+ Ke7 16.Nd4 Bd7 17.Rhe1 Rhd8 18.f4 g6 19.g4 Rac8 20.b3 Be8 21.Kb2 Rd6
22.g5 Kf8 23.Nf3 Rxd1 24.Rxd1 Ke7 25.Ne5 Bc6 26.a3 Nd7 27.Ng4 f5 28.gxf6+ Nxf6
29.Nxf6 Kxf6 30.b4 axb4 31.axb4 Bf3 32.Rd4 e5 33.fxe5+ Kxe5 34.Kc3 Rc7 35.b5  1/2-1/2

[Event "Imre Konig Mem"]
[Site "San Francisco USA"]
[Date "2002.09.15"]
[Round "9"]
[White "Baburin,A"]
[Black "Wojtkiewicz,A"]
[Result "1/2-1/2"]
[WhiteElo "2580"]
[BlackElo "2555"]

1.d4 d5 2.c4 c6 3.Nc3 Nf6 4.e3 a6 5.Bd3 Bg4 6.Qb3 Ra7 7.cxd5 cxd5 8.Bd2 e6
9.Rc1 Nc6 10.Na4 Bh5 11.a3 Bg6 12.Nf3 Bd6 13.O-O O-O 14.Nc5 Bxc5 15.Rxc5 Bxd3
16.Qxd3 Qb6 17.Rc2 Raa8 18.Rfc1 Rfc8 19.Ne5 Na7 20.Bb4 Qd8 21.f3 Rxc2 22.Rxc2 Nd7
23.Bc5  1/2-1/2